000 00429cam a2200181ua 4500
020 _c3.00
041 _ahin
_h
082 _a891.54
_bOMK/KA
100 _aOmkarnath, Srivastav .
245 _aKalasundari /
_cOmkarnath srivastav.
_hTextual Documents
250 _a1 /
_b.
260 _aDelhi :
_bRajkamal Prakash ,
_c1957.
300 _a144 ; .
365 _a3.00
504 _a
942 _cBK
999 _c8198
_d8198